000
00345 a2200157 4500
001
150897
040
_c
Escola São Tomás de Aquino
100
_a
VIANA, Vivina de Assis
240
1
0
_a
Será que ele vem?
_l
por
245
1
0
_a
Será que ele vem?
300
_a
31
362
0
_a
2002
440
1
_a
Moderna
697
_a
Psicologia
942
_c
BK
999
_c
150897
_d
150897